000 00533cab a2200205 4500
001 X2
008 090401t1991 xxu||||| |||| 00| 0 eng d
035 _a(Sirsi) u34552
041 _aeng
100 _aHolmes, G.
245 _aInterim statements : room for improvement
260 _c1991
350 _a0
490 _aJournal of Property Finance
_v2(2) Autumn 1991, 172-178(7)
650 _aINTERIM STATEMENTS
650 _aRESULTS
690 _aPROPERTY-PROPERTY FINANCE AND INVESTMENT
942 _n0
948 _c04/03/1997
999 _c22867
_d22867